| 000 | 00878nam a22002291i 4500 | ||
|---|---|---|---|
| 001 | 000030309 | ||
| 003 | RuMoIPM | ||
| 005 | 20260414132054.0 | ||
| 008 | 130416s1965----ur | c rus | ||
| 040 |
_aRuMoIPM _brus _ercr |
||
| 041 | 0 | _arus | |
| 080 | _a517.518.45(07) | ||
| 080 | _a517.443(07) | ||
| 080 | _a517.445(07) | ||
| 245 | 1 |
_aЧ. 1 : Ряд Фурье. Интеграл Фурье. Операционное исчисление _cА. М. Колобов |
|
| 250 | _a2-е изд., перераб. | ||
| 260 | _c1965 | ||
| 300 |
_a223 с. _bчерт. |
||
| 504 | _aБиблиогр. в конце кн. | ||
| 773 | 1 | 8 |
_aКолобов, Александр Михайлович _dМинск: Высшая школа, 1965- _tИзбранные главы высшей математики: [учебное пособие для вузов] _w000030308 |
| 942 | _cBK | ||
| 999 |
_c30309 _d30309 |
||